LEADER 00923nam a2200253 i 4500 001 000000154796 003 CaOOAMICUS 005 20061025000000.0 008 061025s1950 it u000 u ita u 013 $a132145 040 $aSeMil$bita 100 1 $aZweig, Stefan,$d<1881-1942>.$0(OLS)http://semarc/name/7754 245 10$aIncontri e amicizie /$cStefan Zweig. 260 $a[Milano] :$bArnoldo Mondadori Editore,$c1950. 300 $a422 p., [18] p. di tav. ;$c20 cm. 490 0 $aMedusa ;$v30. 500 $aFondo Ciprandi. 830 0$aMedusa ;$v30.$0(OLS)http://semarc/title/6850 850 $aSeMil 852 $aSeMil$W1$xVenegono$y1$m1W III 244$j106652$B106652$CSeMilBibl$Z2$F115855 $81 941 1 $a1 961 $aOmaggio: Ciprandi dott. Paolo 996 $6245$aIncontri e amicizie$9(OLS)http://semarc/title/226617 996 $6260$a[Milano] :$bArnoldo Mondadori Editore$9(OLS)http://semarc/publisher/29634 LEADER 00995nam a2200253 i 4500 001 000000177493 003 CaOOAMICUS 005 20090206000000.0 008 090206s1998 it u000 u ita u 013 $a155027 040 $aSeMil$bita 100 1 $aRembrandt <1606-1669>.$0(OLS)http://semarc/name/10236 245 10$aRembrandt :$bCena in Emmaus. 260 $aMilano :$bRCS Rizzoli Libri,$ccopyr. 1998. 300 $a48 p. :$briccamente ill. ;$c31 cm. 490 0 $aCento dipinti 500 $aDono di don Romano Martinelli. 650 4$aRembrandt <1606-1669> . Cena in Emmaus.$0(OLS)http://semarc/subject/33905 830 0$aCento dipinti.$0(OLS)http://semarc/title/27224 850 $aSeMil 852 $aSeMil$W1$xVenegono$y1$m5T VII 88$j128304$B128304$CSeMilBibl$Z2$F139179 $81 961 $aOmaggio: Martinelli don Romano 996 $6245$aRembrandt :$bCena in Emmaus$9(OLS)http://semarc/title/254932 996 $6260$aMilano :$bRCS Rizzoli Libri$9(OLS)http://semarc/publisher/30293